| 000 | 00554npc a2200205Ia 4500 | ||
|---|---|---|---|
| 001 | onu17-1536 [d000001575] | ||
| 003 | IT-MiCISF | ||
| 008 | 161014s9999||||xx | und|| | ||
| 040 |
_aIT-MiCISF _cIT-MiCISF |
||
| 041 | _ait | ||
| 100 | _aAA.VV. | ||
| 245 | 0 | _aUNFPA 1992 Report | |
| 250 | _a1a ed. | ||
| 260 |
_a New York _bUNFPA _c1993 |
||
| 300 | _app. 68 | ||
| 500 | _aUnited Nations Population Fund / popolazione, pianificazione-familiare, sanità , politica / | ||
| 650 | _apopolazione | ||
| 942 | _cDD | ||
| 957 | _71 | ||
| 999 |
_a1536 _bsi _g1 _c206077 _d206077 |
||